| 000 | 00546nam a2200217Ia 4500 | ||
|---|---|---|---|
| 003 | OSt | ||
| 005 | 20251027173924.0 | ||
| 008 | 210423s2019 xx 000 0 und d | ||
| 020 | _a978-93-80033-98-3 | ||
| 040 | _cAL | ||
| 041 | _aEnglish | ||
| 082 |
_a361.1 _bBAIS |
||
| 100 |
_aJairam Bairwa _9119817 |
||
| 245 | _aSocial problems | ||
| 260 |
_aJaipur _bParadise publishers _c2019 |
||
| 300 |
_a248 _bHB |
||
| 365 |
_b1495 _cINR |
||
| 650 |
_aSocial Problems & Social Welfare _9119818 |
||
| 906 | _aproblems ; Social | ||
| 942 |
_2ddc _cBK |
||
| 999 |
_c176655 _d176655 |
||